| 000 | 00791nam a2200277 a 4500 | ||
|---|---|---|---|
| 001 | 000110559 | ||
| 003 | CHAP | ||
| 005 | 20220329144138.0 | ||
| 008 | 140910s1981 xxua |r| ||||||eng d | ||
| 010 | _a107021 | ||
| 011 | _a107993 | ||
| 020 | _a0262520648 (pbk.) | ||
| 040 | _cCHAP | ||
| 082 | 0 | 4 |
_a620.117 _bH23 |
| 245 | 1 | 0 |
_aHandy farm and home devices and how to make them / _ccompilado por J. V. Bartlett. |
| 260 |
_aCambridge, Mass. : _bMIT Press, _c1981. |
||
| 300 |
_a304 p. : _bil. |
||
| 590 |
_aBATCH-UPD _b05 _c20140910 _lUCH01 _h1243 |
||
| 590 |
_aE5995AHE _b05 _c20140910 _lUCH01 _h1242 |
||
| 650 | 1 | 4 |
_aHerramientas. _954808 |
| 650 | 1 | 4 |
_aUtensilios e implementos. _9128364 |
| 700 | 1 |
_aBartlett, J. V. _e, coord. _9128363 |
|
| 901 | _aBK | ||
| 942 | _cLIBRO | ||
| 942 | _n0 | ||
| 999 |
_c107021 _d107021 |
||